• 首页
  • 本馆介绍
  • 公告通知
  • 最新文献
  • 馆藏检索
  • 电子资源
  • 读者导购
  • 参考咨询
  • 我的图书馆
  • 登录
  • 详细信息显示
  • 放入我的书架
  • 预约/预借图书
  • 作者相关作品
  • 分类相关作品
  • 丛书相关作品
  • 出版社相关作品

书目信息

  • 表格格式
  • 工作单格式
  • 卡片格式
题名:
瓜类蔬菜病虫害诊治原色图鉴
    
 
作者: 吕佩珂 , 苏慧兰 , 李秀英 主编
分册:  
出版信息: 北京   化学工业出版社  2017.1
页数: 261页
开本: 21cm
丛书名: 现代蔬菜病虫害防治丛书
单 册:
中图分类: S436.42-64
科图分类:
主题词: 瓜类蔬菜--病虫害防治--图集
电子资源:
ISBN: 978-7-122-28443-3
000 01226nam 2200301 450
001 0400002896
005 20171025151405.28
010    @a978-7-122-28443-3@dCNY53.00
100    @a20170215e2017 em y0chiy50 ea
101 0  @achi
102    @aCN@b110000
105    @aa z 000yy
106    @ar
200 1  @a瓜类蔬菜病虫害诊治原色图鉴@9gua lei shu cai bing chong hai zhen zhi yuan se tu jian@f吕佩珂,苏慧兰,李秀英主编
205    @a第2版
210    @a北京@c化学工业出版社@d2017.1
215    @a261页@d21cm
225 1  @a现代蔬菜病虫害防治丛书
307    @a实际页数为:262
330    @a本书紧密围绕无公害蔬菜生产需要,针对蔬菜生产上可能遇到的大多数病虫害,包括不断出现的新病虫害,不仅提供了可靠的传统防治方法,也挖掘了不少新的、现代的防治方法。本书图文并茂,介绍了21种瓜类蔬菜的293种病虫害,图文结合,不仅有宏观的症状特写照片、病原生物照片,还有病原菌显微照片、图片等,便于准确识别病虫害,做到有效防治。
461  0 @12001 @a现代蔬菜病虫害防治丛书
606 0  @a瓜类蔬菜@x病虫害防治@j图集
690    @aS436.42-64@v5
701  0 @a吕佩珂@9lv pei ke@4主编
701  0 @a苏慧兰@9su hui lan@4主编
701  0 @a李秀英@9li xiu ying@4主编
801  0 @aCN@b91MARC@c20171021
905    @b1021463-7@dS436.42-64@f5@e124=2
    
    瓜类蔬菜病虫害诊治原色图鉴/吕佩珂,苏慧兰,李秀英主编.-第2版.-北京:化学工业出版社,2017.1
    261页;21cm.-(现代蔬菜病虫害防治丛书)
    
    
    ISBN 978-7-122-28443-3:CNY53.00
    本书紧密围绕无公害蔬菜生产需要,针对蔬菜生产上可能遇到的大多数病虫害,包括不断出现的新病虫害,不仅提供了可靠的传统防治方法,也挖掘了不少新的、现代的防治方法。本书图文并茂,介绍了21种瓜类蔬菜的293种病虫害,图文结合,不仅有宏观的症状特写照片、病原生物照片,还有病原菌显微照片、图片等,便于准确识别病虫害,做到有效防治。
●
相关链接 在E读中查询图书 在五车中查询图书 在当当中查询图书 在豆瓣中查询图书


正题名:瓜类蔬菜病虫害诊治原色图鉴     索取号:S436.42-64/124=2         预约/预借

序号 登录号 条形码 馆藏地/架位号 状态 备注
1 1021463   210214631   第二样本阅览室/ [索取号:S436.42-64/124=2] 在馆    
2 1021464   210214640   密集书库-生命科学系/ [索取号:S436.42-64/124=2] 在馆    
3 1021465   210214659   第三借阅区/ [索取号:S436.42-64/124=2] 在馆    
4 1021466   210214668   第三借阅区/ [索取号:S436.42-64/124=2] 在馆    
5 1021467   210214677   第三借阅区/ [索取号:S436.42-64/124=2] 在馆    
唐山师范学院图书馆 欢迎您!
大连网信软件有限公司© 版权所有